000 00301nam a22001217a 4500
008 160418b xxu||||| |||| 00| 0 eng d
020 _a9780138024611
020 _a0138024618
041 _aeng
080 _a618.2
245 _aFundamentals of Nursing:
_cAudrey Berman;Shirlee Snyder;
942 _2udc
_cBK
999 _c1421
_d1421